Legislación del alma

সংরক্ষণ করুন:
গ্রন্থ-পঞ্জীর বিবরন
প্রধান লেখক: Hernández, José Alfredo
বিন্যাস: গ্রন্থ
ভাষা:স্প্যানিশ
প্রকাশিত: La Plata Marcos Fingerit 1938
মালা:Recados de Fábula
বিষয়গুলি:
ট্যাগগুলো: ট্যাগ যুক্ত করুন
কোনো ট্যাগ নেই, প্রথমজন হিসাবে ট্যাগ করুন!

MARC

LEADER 00000nam a2200000 a 4500
001 UCZ8272
003 CL-VaPUC
008 960119e19380000AG |||||||||||||||||spa|d
082 0 4 |a Ar861  |b HER  |2 21 
100 |a Hernández, José Alfredo  |9 353502 
245 1 0 |a Legislación del alma 
300 |a s.p 
942 |c BK 
945 |d 19960119 00:00:00  |a rleighto 
260 |a La Plata  |b Marcos Fingerit  |c 1938 
650 0 |a Poesía argentina  |9 265575 
583 |a last modification  |c 19960119 00:00:00  |k Rodrigo Vera 
490 0 |a Recados de Fábula 
999 |c 244207  |d 244205 
952 |0 0  |1 0  |4 0  |6 AR_861_000000000000000_HER_1938  |7 0  |8 A  |9 258188  |a BIBEDU  |b BIBEDU  |d 2019-11-19  |i 3170489  |o Ar861 HER 1938  |p 3170489  |r 2019-11-19  |w 2019-11-19  |y BK  |k LIT